[Event "Turkish Club Cup 2019"]
[Site "Konya"]
[Date "2019.07.19"]
[Round "6"]
[White "Sevinc, Mesut"]
[Black "Basaran, Alp"]
[Result "0-1"]
[WhiteElo "1703"]
[BlackElo "1857"]
[Annotator "NA"]
[PlyCount "98"]
[EventDate "2019.07.16"]
[EventType "team-tourn"]
[EventCountry "TUR"]
[SourceTitle "playchess.com"]
[Source "ChessBase"]
[SourceQuality "1"]
[TimeControl "5400+30"]

1. c4 {[%emt 0:00:30]} Nf6 {[%emt 0:00:30]} 2. g3 {[%emt 0:00:30]} g6 {[%emt 0:00:30]} 3. Bg2 {[%emt 0:00:00]} Bg7 {[%emt 0:00:00]} 4. e4 {[%emt 0:00:00]} d6 {[%emt 0:00:00]} 5. Nc3 {[%emt 0:00:30]} O-O {[%emt 0:00:00]} 6. Nge2 {[%emt 0:00:00]} c5 {[%emt 0:00:00]} 7. O-O {[%emt 0:00:00]} Nc6 {[%emt 0:00:00]} 8. h3 {[%emt 0:01:30]} a6 {[%emt 0:00:00]} 9. a4 {[%emt 0:00:30]} Rb8 {[%emt 0:00:30]} 10. d3 {[%emt 0:01:30]} Ne8 {[%emt 0:00:30]} 11. f4 {[%emt 0:06:30]} Nc7 {[%emt 0:03:30]} 12. Be3 {[%emt 0:04:30]} Nd4 {[%emt 0:02:30]} 13. Rb1 {[%emt 0:02:30]} b5 {[%emt 0:26:30]} 14. b3 {[%emt 0:07:30]} Bd7 {[%emt 0:03:30]} 15. Bd2 {[%emt 0:28:30]} bxc4 {[%emt 0:15:30]} 16. dxc4 {[%emt 0:01:30]} Bc6 {[%emt 0:03:30]} 17. Kh2 {[%emt 0:10:30]} Nce6 {[%emt 0:21:30]} 18. Be3 {[%emt 0:09:30]} f5 {[%emt 0:01:26]} 19. Nd5 {[%emt 0:02:30]} Nxe2 {[%emt 0:01:17]} 20. Qxe2 {[%emt 0:00:00]} Bxd5 {[%emt 0:00:11]} 21. exd5 {[%emt 0:00:00]} Nd4 {[%emt 0:00:23]} 22. Bxd4 {[%emt 0:01:30]} Bxd4 {[%emt 0:00:06]} 23. Rfe1 {[%emt 0:00:30]} Rb7 {[%emt 0:01:04]} 24. h4 {[%emt 0:05:50]} h5 {[%emt 0:00:41]} 25. Red1 {[%emt 0:01:22]} Bf6 {[%emt 0:00:11]} 26. Qe6+ {[%emt 0:00:21]} Kg7 {[%emt 0:00:05]} 27. Qe2 {[%emt 0:02:04]} Qa5 {[%emt 0:00:38]} 28. Qc2 {[%emt 0:00:26]} Rfb8 {[%emt 0:00:55]} 29. Rd3 {[%emt 0:01:11]} Rb4 {[%emt 0:00:04]} 30. Bf3 {[%emt 0:05:21]} Qb6 {[%emt 0:00:08]} 31. Bd1 {[%emt 0:03:41]} Rxa4 {[%emt 0:00:17]} 32. bxa4 {[%emt 0:00:46]} Qxb1 {[%emt 0:00:05]} 33. Rb3 {[%emt 0:00:14]} Rxb3 {[%emt 0:00:47]} 34. Qxb3 {[%emt 0:00:13]} Qc1 {[%emt 0:01:44]} 35. Qd3 {[%emt 0:01:34]} Qb2+ {[%emt 0:01:02]} 36. Qe2 {[%emt 0:00:38]} Qd4 {[%emt 0:01:57]} 37. Kg2 {[%emt 0:00:18]} Kf8 {[%emt 0:00:46]} 38. Kh2 {[%emt 0:00:24]} Ke8 {[%emt 0:00:17]} 39. Kg2 {[%emt 0:00:52]} Kd8 {[%emt 0:00:12]} 40. Qc2 {[%emt 0:00:59]} Kc7 {[%emt 0:00:22]} 41. Qb3 {[%emt 0:01:46]} Qd2+ {[%emt 0:00:15]} 42. Kh3 {[%emt 0:00:44]} Qf2 {[%emt 0:00:51]} 43. Qf3 {[%emt 0:00:55]} Qxf3 {[%emt 0:00:30]} 44. Bxf3 {[%emt 0:00:30]} Kb6 {[%emt 0:00:00]} 45. Kg2 {[%emt 0:01:26]} Ka5 {[%emt 0:00:15]} 46. Kf1 {[%emt 0:00:00]} Kxa4 {[%emt 0:00:09]} 47. Ke2 {[%emt 0:00:00]} Kb4 {[%emt 0:00:28]} 48. Kd3 {[%emt 0:00:03]} Bd4 {[%emt 0:00:08]} 49. g4 {[%emt 0:01:25]} hxg4 {[%emt 0:00:08]} 0-1

[Event "Turkish Club Cup 2019"]
[Site "Konya"]
[Date "2019.07.19"]
[Round "6"]
[White "Adanmis, Ezgi"]
[Black "Dizdar, Didem Dilara"]
[Result "1-0"]
[WhiteElo "1692"]
[BlackElo "1419"]
[Annotator "NA"]
[PlyCount "101"]
[EventDate "2019.07.16"]
[EventType "team-tourn"]
[EventCountry "TUR"]
[SourceTitle "playchess.com"]
[Source "ChessBase"]
[SourceQuality "1"]
[TimeControl "5400+30"]

1. e4 {[%emt 0:00:30]} e5 {[%emt 0:00:30]} 2. Nf3 {[%emt 0:00:00]} Nc6 {[%emt 0:00:30]} 3. Bc4 {[%emt 0:00:00]} Bc5 {[%emt 0:00:00]} 4. c3 {[%emt 0:02:30]} Bb6 {[%emt 0:05:00]} 5. d3 {[%emt 0:02:30]} Nf6 {[%emt 0:01:30]} 6. O-O {[%emt 0:01:30]} d6 {[%emt 0:00:30]} 7. h3 {[%emt 0:00:30]} a5 {[%emt 0:01:30]} 8. Be3 {[%emt 0:02:30]} Bxe3 {[%emt 0:04:30]} 9. fxe3 {[%emt 0:00:30]} Ne7 {[%emt 0:00:30]} 10. Nbd2 {[%emt 0:07:30]} h6 {[%emt 0:04:30]} 11. Qe1 {[%emt 0:07:30]} g5 {[%emt 0:06:30]} 12. Nxe5 {[%emt 0:03:30]} dxe5 {[%emt 0:03:30]} 13. Rxf6 {[%emt 0:00:00]} Be6 {[%emt 0:05:30]} 14. Bxe6 {[%emt 0:06:00]} fxe6 {[%emt 0:00:30]} 15. Qe2 {[%emt 0:00:30]} Kd7 {[%emt 0:04:30]} 16. Qg4 {[%emt 0:07:30]} Qg8 {[%emt 0:03:30]} 17. Raf1 {[%emt 0:00:30]} Re8 {[%emt 0:01:30]} 18. Nc4 {[%emt 0:01:30]} Nc6 {[%emt 0:00:30]} 19. Qg3 {[%emt 0:00:00]} Rh7 {[%emt 0:08:30]} 20. Nxe5+ {[%emt 0:04:00]} Nxe5 {[%emt 0:00:30]} 21. Qxe5 {[%emt 0:00:30]} b6 {[%emt 0:04:30]} 22. Qb5+ {[%emt 0:05:30]} Kd8 {[%emt 0:00:30]} 23. e5 {[%emt 0:00:30]} h5 {[%emt 0:00:30]} 24. g3 {[%emt 0:02:30]} Qg7 {[%emt 0:05:30]} 25. b4 {[%emt 0:03:30]} h4 {[%emt 0:03:30]} 26. g4 {[%emt 0:00:00]} Qd7 {[%emt 0:02:30]} 27. Qxd7+ {[%emt 0:01:00]} Rxd7 {[%emt 0:01:30]} 28. d4 {[%emt 0:00:30]} axb4 {[%emt 0:00:00]} 29. cxb4 {[%emt 0:00:30]} c5 {[%emt 0:02:00]} 30. bxc5 {[%emt 0:05:30]} bxc5 {[%emt 0:00:30]} 31. Rd1 {[%emt 0:00:30]} Kc7 {[%emt 0:01:30]} 32. Rc1 {[%emt 0:03:30]} Rd5 {[%emt 0:00:30]} 33. Rxc5+ {[%emt 0:03:30]} Rxc5 {[%emt 0:00:30]} 34. dxc5 {[%emt 0:00:30]} Kc6 {[%emt 0:00:30]} 35. Rg6 {[%emt 0:00:30]} Kxc5 {[%emt 0:00:00]} 36. Kf2 {[%emt 0:01:30]} Kd5 {[%emt 0:03:00]} 37. Rxg5 {[%emt 0:01:30]} Ra8 {[%emt 0:00:30]} 38. Rh5 {[%emt 0:00:30]} Ke4 {[%emt 0:03:30]} 39. Rxh4 {[%emt 0:02:30]} Rxa2+ {[%emt 0:00:30]} 40. Kg3 {[%emt 0:00:00]} Re2 {[%emt 0:03:30]} 41. g5+ {[%emt 0:01:00]} Kxe5 {[%emt 0:00:30]} 42. Kf3 {[%emt 0:00:30]} Rh2 {[%emt 0:02:12]} 43. Rh6 {[%emt 0:03:30]} Kf5 {[%emt 0:00:57]} 44. h4 {[%emt 0:00:30]} Rh3+ {[%emt 0:02:04]} 45. Ke2 {[%emt 0:00:30]} Rh2+ {[%emt 0:00:51]} 46. Kd3 {[%emt 0:00:00]} Rh1 {[%emt 0:01:09]} 47. Rf6+ {[%emt 0:04:00]} Ke5 {[%emt 0:00:32]} 48. Rf4 {[%emt 0:00:30]} Rg1 {[%emt 0:07:11]} 49. Ke2 {[%emt 0:00:30]} Rg3 {[%emt 0:02:12]} 50. Kf2 {[%emt 0:00:30]} Rh3 {[%emt 0:00:34]} 51. g6 {[%emt 0:01:11]} 1-0

[Event "Turkish Club Cup 2019"]
[Site "Konya"]
[Date "2019.07.19"]
[Round "6"]
[White "Uysal, Ugur"]
[Black "Tuncer, Orcun Ege"]
[Result "1-0"]
[WhiteElo "1689"]
[BlackElo "1626"]
[Annotator "NA"]
[PlyCount "111"]
[EventDate "2019.07.16"]
[EventType "team-tourn"]
[EventCountry "TUR"]
[SourceTitle "playchess.com"]
[Source "ChessBase"]
[SourceQuality "1"]
[TimeControl "5400+30"]

1. Nf3 {[%emt 0:00:30]} Nf6 {[%emt 0:00:30]} 2. d4 {[%emt 0:00:30]} e6 {[%emt 0:00:00]} 3. c4 {[%emt 0:00:00]} d5 {[%emt 0:00:00]} 4. Nc3 {[%emt 0:00:00]} c6 {[%emt 0:01:30]} 5. e3 {[%emt 0:00:00]} Bb4 {[%emt 0:00:30]} 6. Qc2 {[%emt 0:04:00]} Nbd7 {[%emt 0:02:30]} 7. Bd3 {[%emt 0:00:30]} dxc4 {[%emt 0:00:30]} 8. Bxc4 {[%emt 0:00:00]} b5 {[%emt 0:00:30]} 9. Bd3 {[%emt 0:00:00]} a6 {[%emt 0:00:30]} 10. O-O {[%emt 0:10:30]} O-O {[%emt 0:05:30]} 11. Ne4 {[%emt 0:05:30]} Bb7 {[%emt 0:04:30]} 12. a3 {[%emt 0:05:30]} Be7 {[%emt 0:02:30]} 13. b4 {[%emt 0:03:30]} Nxe4 {[%emt 0:01:30]} 14. Bxe4 {[%emt 0:00:30]} Nf6 {[%emt 0:00:30]} 15. Bd2 {[%emt 0:06:30]} Nxe4 {[%emt 0:03:30]} 16. Qxe4 {[%emt 0:00:00]} Rc8 {[%emt 0:11:30]} 17. Qc2 {[%emt 0:11:00]} Qc7 {[%emt 0:03:30]} 18. e4 {[%emt 0:03:30]} Kh8 {[%emt 0:16:30]} 19. Rfe1 {[%emt 0:18:30]} Rcd8 {[%emt 0:04:30]} 20. Bc3 {[%emt 0:08:30]} f5 {[%emt 0:15:30]} 21. exf5 {[%emt 0:00:30]} c5 {[%emt 0:00:30]} 22. dxc5 {[%emt 0:13:13]} Bxf3 {[%emt 0:00:30]} 23. gxf3 {[%emt 0:04:58]} Rxf5 {[%emt 0:00:30]} 24. Qe4 {[%emt 0:00:00]} Rg5+ {[%emt 0:11:30]} 25. Kh1 {[%emt 0:00:00]} Rdd5 {[%emt 0:01:04]} 26. Qxe6 {[%emt 0:01:42]} Bf8 {[%emt 0:01:19]} 27. Qe4 {[%emt 0:00:36]} Rh5 {[%emt 0:02:07]} 28. f4 {[%emt 0:00:30]} Rdf5 {[%emt 0:00:30]} 29. Be5 {[%emt 0:00:00]} Qd8 {[%emt 0:00:08]} 30. Rad1 {[%emt 0:01:13]} Qh4 {[%emt 0:07:27]} 31. Qg2 {[%emt 0:00:30]} Rh6 {[%emt 0:00:00]} 32. Qg3 {[%emt 0:00:50]} Rfh5 {[%emt 0:00:20]} 33. Bxg7+ {[%emt 0:00:18]} Kg8 {[%emt 0:00:48]} 34. Bxh6+ {[%emt 0:00:30]} Qxg3 {[%emt 0:00:30]} 35. fxg3 {[%emt 0:00:30]} Rxh6 {[%emt 0:00:00]} 36. Rd5 {[%emt 0:00:00]} Rc6 {[%emt 0:00:30]} 37. Kg2 {[%emt 0:00:05]} Kg7 {[%emt 0:00:00]} 38. Kf3 {[%emt 0:00:00]} a5 {[%emt 0:00:41]} 39. Ree5 {[%emt 0:00:04]} axb4 {[%emt 0:00:23]} 40. axb4 {[%emt 0:00:30]} Ra6 {[%emt 0:00:00]} 41. Rg5+ {[%emt 0:00:00]} Kf7 {[%emt 0:00:22]} 42. Rgf5+ {[%emt 0:00:00]} Kg7 {[%emt 0:00:23]} 43. Rd7+ {[%emt 0:00:21]} Kg6 {[%emt 0:00:00]} 44. Rxf8 {[%emt 0:00:14]} Ra3+ {[%emt 0:00:18]} 45. Ke4 {[%emt 0:00:30]} Ra1 {[%emt 0:00:00]} 46. Rd4 {[%emt 0:00:14]} Kg7 {[%emt 0:00:24]} 47. Rf5 {[%emt 0:00:30]} h6 {[%emt 0:00:00]} 48. Kd5 {[%emt 0:00:00]} h5 {[%emt 0:00:39]} 49. c6 {[%emt 0:00:29]} h4 {[%emt 0:00:08]} 50. c7 {[%emt 0:00:26]} Rc1 {[%emt 0:00:17]} 51. Kd6 {[%emt 0:00:00]} Kg6 {[%emt 0:00:30]} 52. Re5 {[%emt 0:00:02]} hxg3 {[%emt 0:00:16]} 53. hxg3 {[%emt 0:00:30]} Kf6 {[%emt 0:00:30]} 54. Kd7 {[%emt 0:00:00]} Rh1 {[%emt 0:00:25]} 55. Rd6+ {[%emt 0:00:10]} Kf7 {[%emt 0:00:00]} 56. Re7+ {[%emt 0:00:00]} 1-0

[Event "Turkish Club Cup 2019"]
[Site "Konya"]
[Date "2019.07.19"]
[Round "6"]
[White "Coban, Suleyman"]
[Black "Unlu, Ahmet Berkin"]
[Result "0-1"]
[WhiteElo "1667"]
[BlackElo "1806"]
[Annotator "NA"]
[PlyCount "86"]
[EventDate "2019.07.16"]
[EventType "team-tourn"]
[EventCountry "TUR"]
[SourceTitle "playchess.com"]
[Source "ChessBase"]
[SourceQuality "1"]
[TimeControl "5400+30"]

1. c4 {[%emt 0:00:30]} e5 {[%emt 0:00:30]} 2. d3 {[%emt 0:00:30]} Nc6 {[%emt 0:00:00]} 3. Nf3 {[%emt 0:00:30]} f5 {[%emt 0:00:00]} 4. g3 {[%emt 0:02:30]} Nf6 {[%emt 0:00:00]} 5. Bg2 {[%emt 0:01:30]} Bb4+ {[%emt 0:01:00]} 6. Bd2 {[%emt 0:01:30]} Bxd2+ {[%emt 0:00:30]} 7. Qxd2 {[%emt 0:00:30]} O-O {[%emt 0:02:30]} 8. O-O {[%emt 0:02:30]} d6 {[%emt 0:00:00]} 9. Nc3 {[%emt 0:00:30]} Rb8 {[%emt 0:01:00]} 10. Rab1 {[%emt 0:02:30]} Qe8 {[%emt 0:03:30]} 11. b4 {[%emt 0:05:30]} Bd7 {[%emt 0:01:30]} 12. b5 {[%emt 0:10:30]} Ne7 {[%emt 0:02:30]} 13. Ne1 {[%emt 0:05:30]} Qh5 {[%emt 0:03:30]} 14. e3 {[%emt 0:12:30]} g5 {[%emt 0:03:30]} 15. f3 {[%emt 0:07:30]} Ng6 {[%emt 0:02:30]} 16. d4 {[%emt 0:07:30]} Rbe8 {[%emt 0:14:30]} 17. Nd5 {[%emt 0:05:30]} Nxd5 {[%emt 0:07:30]} 18. cxd5 {[%emt 0:00:00]} f4 {[%emt 0:06:30]} 19. g4 {[%emt 0:06:00]} fxe3 {[%emt 0:03:30]} 20. gxh5 {[%emt 0:07:27]} exd2 {[%emt 0:01:30]} 21. hxg6 {[%emt 0:00:11]} dxe1=Q {[%emt 0:00:30]} 22. gxh7+ {[%emt 0:00:44]} Kxh7 {[%emt 0:00:30]} 23. Rfxe1 {[%emt 0:00:30]} exd4 {[%emt 0:00:00]} 24. Kf2 {[%emt 0:02:05]} Kg7 {[%emt 0:08:00]} 25. Rec1 {[%emt 0:01:09]} Rc8 {[%emt 0:00:30]} 26. Rc4 {[%emt 0:00:55]} Rf4 {[%emt 0:01:30]} 27. a4 {[%emt 0:02:30]} Kf6 {[%emt 0:00:30]} 28. Rbc1 {[%emt 0:01:00]} c6 {[%emt 0:02:30]} 29. dxc6 {[%emt 0:02:39]} bxc6 {[%emt 0:00:00]} 30. bxc6 {[%emt 0:00:00]} Be6 {[%emt 0:00:00]} 31. Rb4 {[%emt 0:00:18]} d3 {[%emt 0:01:30]} 32. Re4 {[%emt 0:02:12]} Bf5 {[%emt 0:02:30]} 33. Rxf4 {[%emt 0:00:30]} gxf4 {[%emt 0:00:00]} 34. Ke1 {[%emt 0:01:27]} Ke5 {[%emt 0:00:00]} 35. Kd2 {[%emt 0:00:14]} Rh8 {[%emt 0:04:30]} 36. h3 {[%emt 0:00:18]} Rb8 {[%emt 0:01:30]} 37. Bf1 {[%emt 0:07:07]} Kd4 {[%emt 0:00:00]} 38. c7 {[%emt 0:01:56]} Rb2+ {[%emt 0:00:00]} 39. Kd1 {[%emt 0:00:17]} Bc8 {[%emt 0:01:30]} 40. Rc6 {[%emt 0:01:11]} Ke3 {[%emt 0:00:00]} 41. Bxd3 {[%emt 0:01:47]} Rd2+ {[%emt 0:00:00]} 42. Ke1 {[%emt 0:00:31]} Rxd3 {[%emt 0:00:30]} 43. h4 {[%emt 0:00:29]} Kxf3 {[%emt 0:01:30]} 0-1

[Event "Turkish Club Cup 2019"]
[Site "Konya"]
[Date "2019.07.19"]
[Round "6"]
[White "Polat, Ahmet Eren"]
[Black "Emir, Emirhan"]
[Result "0-1"]
[WhiteElo "1651"]
[BlackElo "1904"]
[Annotator "NA"]
[PlyCount "60"]
[EventDate "2019.07.16"]
[EventType "team-tourn"]
[EventCountry "TUR"]
[SourceTitle "playchess.com"]
[Source "ChessBase"]
[SourceQuality "1"]
[TimeControl "5400+30"]

1. d4 {[%emt 0:00:30]} e6 {[%emt 0:00:30]} 2. e4 {[%emt 0:00:30]} d5 {[%emt 0:00:00]} 3. exd5 {[%emt 0:00:30]} exd5 {[%emt 0:00:00]} 4. Bd3 {[%emt 0:00:30]} c5 {[%emt 0:00:30]} 5. dxc5 {[%emt 0:00:30]} Bxc5 {[%emt 0:00:30]} 6. Ne2 {[%emt 0:01:30]} Nf6 {[%emt 0:02:30]} 7. O-O {[%emt 0:06:30]} O-O {[%emt 0:00:30]} 8. Nd2 {[%emt 0:02:30]} Nc6 {[%emt 0:01:30]} 9. Nb3 {[%emt 0:02:30]} Bd6 {[%emt 0:01:30]} 10. Bf4 {[%emt 0:02:30]} Bg4 {[%emt 0:02:30]} 11. Bxd6 {[%emt 0:01:30]} Qxd6 {[%emt 0:00:00]} 12. f3 {[%emt 0:00:00]} Bh5 {[%emt 0:00:00]} 13. Ng3 {[%emt 0:08:00]} Bg6 {[%emt 0:04:30]} 14. Bxg6 {[%emt 0:00:30]} hxg6 {[%emt 0:00:00]} 15. Re1 {[%emt 0:01:30]} Rfd8 {[%emt 0:01:00]} 16. c3 {[%emt 0:04:30]} Rac8 {[%emt 0:07:30]} 17. Qd2 {[%emt 0:12:30]} a5 {[%emt 0:05:30]} 18. a4 {[%emt 0:06:30]} Qc7 {[%emt 0:06:30]} 19. Qe3 {[%emt 0:19:30]} Re8 {[%emt 0:17:30]} 20. Qc5 {[%emt 0:07:35]} Qf4 {[%emt 0:00:30]} 21. Rxe8+ {[%emt 0:10:47]} Rxe8 {[%emt 0:00:30]} 22. Qf2 {[%emt 0:04:43]} Qc4 {[%emt 0:02:30]} 23. Nd2 {[%emt 0:01:52]} Qd3 {[%emt 0:00:30]} 24. Nb3 {[%emt 0:01:02]} Qc4 {[%emt 0:02:30]} 25. Nd2 {[%emt 0:00:42]} Qf4 {[%emt 0:00:30]} 26. Nb3 {[%emt 0:01:32]} Nd7 {[%emt 0:03:30]} 27. Nc5 {[%emt 0:01:23]} d4 {[%emt 0:04:30]} 28. cxd4 {[%emt 0:00:37]} Qe3 {[%emt 0:02:30]} 29. Kf1 {[%emt 0:00:27]} Nxd4 {[%emt 0:01:30]} 30. Rd1 {[%emt 0:01:15]} Nf5 {[%emt 0:10:30]} 0-1

[Event "Turkish Club Cup 2019"]
[Site "Konya"]
[Date "2019.07.19"]
[Round "6"]
[White "Ekici, Caner"]
[Black "Aykin, Bora"]
[Result "1-0"]
[WhiteElo "1650"]
[BlackElo "1556"]
[Annotator "NA"]
[PlyCount "87"]
[EventDate "2019.07.16"]
[EventType "team-tourn"]
[EventCountry "TUR"]
[SourceTitle "playchess.com"]
[Source "ChessBase"]
[SourceQuality "1"]
[TimeControl "5400+30"]

1. Nf3 {[%emt 0:00:30]} Nf6 {[%emt 0:00:30]} 2. c4 {[%emt 0:00:00]} e6 {[%emt 0:00:00]} 3. b3 {[%emt 0:00:00]} Be7 {[%emt 0:01:00]} 4. Bb2 {[%emt 0:00:00]} b6 {[%emt 0:00:30]} 5. g3 {[%emt 0:00:00]} Bb7 {[%emt 0:00:30]} 6. Bg2 {[%emt 0:00:00]} O-O {[%emt 0:00:30]} 7. O-O {[%emt 0:00:00]} d5 {[%emt 0:00:00]} 8. d3 {[%emt 0:05:30]} c5 {[%emt 0:01:00]} 9. Nbd2 {[%emt 0:00:30]} d4 {[%emt 0:07:30]} 10. Qc2 {[%emt 0:05:30]} Nc6 {[%emt 0:04:30]} 11. Ne4 {[%emt 0:01:30]} Qc7 {[%emt 0:12:30]} 12. a3 {[%emt 0:01:30]} e5 {[%emt 0:04:30]} 13. Bc1 {[%emt 0:04:30]} Nxe4 {[%emt 0:16:30]} 14. dxe4 {[%emt 0:00:30]} Bd6 {[%emt 0:05:30]} 15. g4 {[%emt 0:17:30]} Rae8 {[%emt 0:03:30]} 16. Bg5 {[%emt 0:09:30]} Qc8 {[%emt 0:01:30]} 17. h3 {[%emt 0:02:30]} Qa8 {[%emt 0:06:30]} 18. Nh4 {[%emt 0:10:30]} Be7 {[%emt 0:10:30]} 19. Bxe7 {[%emt 0:16:30]} Nxe7 {[%emt 0:00:30]} 20. f3 {[%emt 0:00:00]} g6 {[%emt 0:06:39]} 21. Qd2 {[%emt 0:04:00]} f6 {[%emt 0:06:35]} 22. b4 {[%emt 0:01:44]} a5 {[%emt 0:02:27]} 23. Rfb1 {[%emt 0:00:26]} Bc6 {[%emt 0:00:56]} 24. Bf1 {[%emt 0:08:01]} Rb8 {[%emt 0:01:22]} 25. Ng2 {[%emt 0:01:31]} Nc8 {[%emt 0:01:25]} 26. Ne1 {[%emt 0:02:21]} Nd6 {[%emt 0:01:11]} 27. e3 {[%emt 0:00:42]} Rfd8 {[%emt 0:01:14]} 28. exd4 {[%emt 0:00:32]} exd4 {[%emt 0:00:16]} 29. Qf4 {[%emt 0:01:07]} Kg7 {[%emt 0:01:22]} 30. g5 {[%emt 0:01:55]} Ne8 {[%emt 0:00:38]} 31. Nd3 {[%emt 0:01:38]} cxb4 {[%emt 0:02:10]} 32. axb4 {[%emt 0:00:30]} Qa7 {[%emt 0:00:30]} 33. gxf6+ {[%emt 0:00:30]} Nxf6 {[%emt 0:00:00]} 34. Qe5 {[%emt 0:02:25]} Ra8 {[%emt 0:01:29]} 35. Nf4 {[%emt 0:00:18]} Bd7 {[%emt 0:01:19]} 36. Qe7+ {[%emt 0:00:10]} Kg8 {[%emt 0:00:30]} 37. Qxf6 {[%emt 0:00:03]} Rf8 {[%emt 0:00:00]} 38. Qe5 {[%emt 0:00:26]} Rae8 {[%emt 0:00:43]} 39. Qd6 {[%emt 0:00:49]} g5 {[%emt 0:00:35]} 40. Qd5+ {[%emt 0:01:38]} Rf7 {[%emt 0:00:26]} 41. Nh5 {[%emt 0:00:17]} Kf8 {[%emt 0:00:34]} 42. bxa5 {[%emt 0:01:00]} bxa5 {[%emt 0:00:31]} 43. Rb7 {[%emt 0:00:56]} Qa6 {[%emt 0:00:34]} 44. Rxd7 {[%emt 0:01:06]} 1-0

[Event "Turkish Club Cup 2019"]
[Site "Konya"]
[Date "2019.07.19"]
[Round "6"]
[White "Araboga, Mesut"]
[Black "Bedir, Bekircan"]
[Result "1/2-1/2"]
[WhiteElo "1648"]
[BlackElo "1858"]
[Annotator "NA"]
[PlyCount "81"]
[EventDate "2019.07.16"]
[EventType "team-tourn"]
[EventCountry "TUR"]
[SourceTitle "playchess.com"]
[Source "ChessBase"]
[SourceQuality "1"]
[TimeControl "5400+30"]

1. c4 {[%emt 0:00:30]} Nf6 {[%emt 0:00:30]} 2. Nc3 {[%emt 0:00:30]} g6 {[%emt 0:03:30]} 3. g3 {[%emt 0:02:30]} Bg7 {[%emt 0:00:30]} 4. Bg2 {[%emt 0:00:30]} c6 {[%emt 0:01:30]} 5. e4 {[%emt 0:00:30]} d6 {[%emt 0:00:30]} 6. d3 {[%emt 0:00:30]} Nbd7 {[%emt 0:01:30]} 7. Bd2 {[%emt 0:07:30]} O-O {[%emt 0:19:30]} 8. Nf3 {[%emt 0:04:30]} a6 {[%emt 0:01:30]} 9. O-O {[%emt 0:01:30]} e5 {[%emt 0:00:30]} 10. Bg5 {[%emt 0:01:30]} Qc7 {[%emt 0:01:30]} 11. Rc1 {[%emt 0:00:30]} Re8 {[%emt 0:07:30]} 12. Qd2 {[%emt 0:00:30]} a5 {[%emt 0:02:30]} 13. h3 {[%emt 0:12:30]} Nc5 {[%emt 0:00:30]} 14. Ne1 {[%emt 0:01:30]} Ne6 {[%emt 0:03:30]} 15. Be3 {[%emt 0:02:30]} b6 {[%emt 0:03:30]} 16. f4 {[%emt 0:01:30]} Nd4 {[%emt 0:11:30]} 17. Bxd4 {[%emt 0:01:30]} exd4 {[%emt 0:04:30]} 18. Ne2 {[%emt 0:00:00]} Nd7 {[%emt 0:00:30]} 19. Nf3 {[%emt 0:00:00]} c5 {[%emt 0:00:30]} 20. g4 {[%emt 0:01:30]} Bb7 {[%emt 0:05:30]} 21. Ng3 {[%emt 0:00:30]} Bc6 {[%emt 0:02:30]} 22. h4 {[%emt 0:06:30]} Rab8 {[%emt 0:10:17]} 23. g5 {[%emt 0:01:30]} b5 {[%emt 0:00:47]} 24. b3 {[%emt 0:00:00]} bxc4 {[%emt 0:00:09]} 25. bxc4 {[%emt 0:01:00]} Rb4 {[%emt 0:01:13]} 26. h5 {[%emt 0:00:30]} Reb8 {[%emt 0:00:00]} 27. Rf2 {[%emt 0:01:30]} a4 {[%emt 0:00:17]} 28. a3 {[%emt 0:00:30]} Rb3 {[%emt 0:00:14]} 29. Ra1 {[%emt 0:00:30]} Rc3 {[%emt 0:00:29]} 30. Ne2 {[%emt 0:00:30]} Rcb3 {[%emt 0:01:42]} 31. h6 {[%emt 0:00:30]} Bh8 {[%emt 0:00:49]} 32. Ra2 {[%emt 0:05:30]} Qb7 {[%emt 0:02:42]} 33. Ng3 {[%emt 0:00:30]} Rb1+ {[%emt 0:00:41]} 34. Kh2 {[%emt 0:00:30]} Qb3 {[%emt 0:00:10]} 35. Rf1 {[%emt 0:05:30]} Rb2 {[%emt 0:02:05]} 36. Rxb2 {[%emt 0:05:30]} Qxb2 {[%emt 0:00:06]} 37. Qa5 {[%emt 0:02:30]} Qb6 {[%emt 0:00:37]} 38. Qd2 {[%emt 0:00:30]} Qb2 {[%emt 0:00:44]} 39. Qa5 {[%emt 0:00:30]} Qb6 {[%emt 0:01:34]} 40. Qd2 {[%emt 0:00:30]} Qb2 {[%emt 0:01:27]} 41. Qa5 {[%emt 0:00:30]} 1/2-1/2